000 00524nam a2200181Ia 4500
999 _c8662
_d8662
003 OSt
005 20201012113100.0
008 190216s9999||||xx |||||||||||||| ||und||
020 _a8175151056
040 _coclc
082 _a005.369
_bBRU/E
100 _aBruck, Bill
_95578
245 0 _aThe Essential Office97 Book /
_cBill Bruck
260 _bGalgotia Publication Pvt Ltf,
_c1999.
_aNew Delhi:
300 _a574p
650 _aComputer Science
942 _cBK
_2ddc
_h005.369
_iBRU/E
_k005.369
_mBRU/E